| 000 | 00342nam a2200145Ia 4500 | ||
|---|---|---|---|
| 008 | 230917s9999||||xx |||||||||||||| ||und|| | ||
| 040 |
_e143886 _aMAIN |
||
| 041 | _aEnglish | ||
| 082 | _a342.54092 P74H | ||
| 100 | _aParikh, Satyendra | ||
| 245 | 0 | _aHarmare rastrapati | |
| 260 |
_aAjmar _bChitragupt _c1971 |
||
| 300 | _a73 p. | ||
| 942 | _cBK | ||
| 999 |
_c93584 _d93584 |
||